Statistics for Bands By Bass Player

Click here to take the quiz!

General Stats

  • This quiz has been taken 41 times
  • The average score is 9 of 15

Answer Stats

Bass Player(s)Band% Correct
Paul McCartneyThe Beatles
100%
StingThe Police
95%
John Paul JonesLed Zeppelin
88%
FleaRed Hot Chili Peppers
85%
Krist NovoselicNirvana
80%
Cliff Burton/Jason Newsted/Robert TrujilloMetallica
75%
John DeaconQueen
73%
Duff McKaganGuns and Roses
60%
Geddy LeeRush
60%
Steve HarrisIron Maiden
55%
Les ClaypoolPrimus
45%
Tim CommerfordRage Against The Machine
28%
Justin ChancellorTool
20%
Mike StarrAlice In Chains
15%
Mark StoneVan Halen
5%

Score Distribution

Percentile by Number Answered

Percent of People with Each Score

Your Score History

You have not taken this quiz